Nghiên cứu khả năng hấp thụ ion Cu2+, Pb2+, Zn2+ của axit humic biến tính

Xác định các đặc tính hoá lý của acid humic và acid humic hoạt hóa. Khảo sát điều kiện hoạt hóa acid humic bằng acid HNO3. Xác định các điều kiện thích hợp của quá trình hấp phụ ion kim loại nặng Cu2+, Zn2+, Pb2+ của acid humic hoạt hóa. Khảo sát khả năng tái hấp phụ của vật liệu. Đóng góp thêm các...

Cur síos iomlán

Đã lưu trong:
Sonraí Bibleagrafaíochta
Príomhúdar: Lê Thị Thùy Linh
Údair Eile: Trần Mạnh Lục TS. (Hướng dẫn)
Formáid: Leabhar
Teanga:Vietnamese
Foilsithe: Đà Nẵng Đại học Đà Nẵng 2015
Ábhair:
Clibeanna: Cuir Clib Leis
Gan Chlibeanna, Bí ar an gcéad duine leis an taifead seo a chlibeáil!
Thư viện lưu trữ: Mạng thư viện Đại học Đà Nẵng
LEADER 01880nam a2200361 4500
001 000023358
003 19809
005 20151202151204.0
008 151104s2015 viesd
041 |a vie 
082 1 4 |a 662.62  |b LÊ-L 
100 1 |a Lê Thị Thùy Linh 
245 1 |a Nghiên cứu khả năng hấp thụ ion Cu2+, Pb2+, Zn2+ của axit humic biến tính  |c Lê Thị Thùy Linh ; Trần Mạnh Lục hướng dẫn.  |k Luận văn Thạc sĩ 
260 |a Đà Nẵng  |b Đại học Đà Nẵng  |c 2015 
300 |a 88 tr., phụ lục 5 tr.  |c 29 cm.  |e Tóm tắt 
500 |a Luận văn thạc sĩ Khoa học. Chuyên ngành: Hóa hữu cơ. Mã số: 60.40.01.14 
520 3 |a Xác định các đặc tính hoá lý của acid humic và acid humic hoạt hóa. Khảo sát điều kiện hoạt hóa acid humic bằng acid HNO3. Xác định các điều kiện thích hợp của quá trình hấp phụ ion kim loại nặng Cu2+, Zn2+, Pb2+ của acid humic hoạt hóa. Khảo sát khả năng tái hấp phụ của vật liệu. Đóng góp thêm các thông tin, tư liệu khoa học về than bùn và acid humic. 
650 0 4 |a Vật liệu hấp phụ  |v Luận văn tốt nghiệp  |x Nghiên cứu 
653 |a Vật liệu hấp phụ 
653 |a Than bùn 
653 |a Axit humic 
653 |a Hóa hữu cơ 
700 1 |a Trần Mạnh Lục  |c TS.  |e Hướng dẫn 
OWN |a LSP 
AVA |a UDN50  |b LSP  |d 662.62 LÊ-L  |e available  |t Error 5001 Not defined in file expand_doc_bib_avail.  |f 1  |g 0  |h N  |i 0  |k 1 
999 |a From the UDN01 
AVA |a UDN50  |b LSP  |d 662.62 LÊ-L  |e available  |t Error 5001 Not defined in file expand_doc_bib_avail.  |f 1  |g 0  |h N  |i 0  |k 1 
TYP |a Monograph 
TYP |a Printed language 
980 |a Mạng thư viện Đại học Đà Nẵng